1558 1966 1997 1099 1047 1272 1732 1424 1401 1499 1795 1079 1729 1735 1230 1172 1965 1063 1894 1753 1617 1807 1781 1060 1172 1889 1155 1162 1648 1086 1248 1666 1395 1173 1893 1230 1952 1859 1267 1915 1479 1405 1770 1518 1464 1296 1862 1925 1691 1546 1024 1092 1813 1708 1871 1519 1425 1984 1491 1612 1105 1667 1870 1224 1689 1142 1547 1689 1186 1440 1018 1407 1883 1638 1893 1328 1158 1966 1587 1587 1962 1990 1966 1869 1075 1209 1267 1538 1007 1523 1426 1898 1848 1612 1053 1712 1929 1523 1380 BCNSPRNW ULIB Ver.6.0+V

เปลี่ยนเป็นภาษาไทย

Change to English
 แสดงรายละเอียดบรรณานุกรม
  กลับหน้าหลัก

Brief Record : Get Marc (ISO 2709) : E-mail record : QR code < ปิดหน้าต่าง
LEADER : 00000nam 2200000uu 4500
001    13399126909
003     ULIB
008    190902s2561||||th 000 0 tha d
020    ^a9786164786684
060    ^aWM141^bณ17ศ
100    ^aณรงค์ สุภัทรพันธุ์
245    ^aศาสตร์และศิลป์ของการสัมภาษณ์ทางจิตเวชศาสตร์/^bณรงค์ สุภัทรพันธุ์
250    ^aพิมพ์ครั้งที่ 4
260    ^aกรุงเทพฯ :^bสามเจริญพาณิชย์,^c2561
300    ^a312 หน้า
650    ^aจิตเวชศาสตร์
650  0 ^aInterview Psychological
650  0 ^aการสัมภาษณ์ทางจิต
945    ^p320^l0^i005785
945    ^p320^l0^i005786
945    ^p320^l0^i005787
945    ^p320^l0^i005783
945    ^p320^l0^i005784
945    ^p320^l0^i006567
945    ^p320^l0^i006568
945    ^p320^l0^i006569
999    ^aอังศุธร กาญจนาโรจน์พันธ์
รายการนี้ยังไม่มีแท็ก
คุณยังไม่ได้ล็อกอิน คุณสามารถมีกิจกรรมร่วมกับเว็บไซต์ได้ แต่ต้องล็อกอินก่อน ::
  ล็อกอิน

รายการสื่อสารสนเทศ

ลำดับที่ ประเภท เลขเรียก/บาร์โค้ด สถานที่ สถานะ
1. วิทยาศาสตร์การแพทย์ และสุขภาพ
หนังสือสำรอง
สถานะ=หนังสือสำรอง
WM141 ณ17ศ ฉ.1 
  Barcode: 005783
ห้องสมุดวิทยาเขตสวรรค์ประชารักษ์
►หนังสือทั่วไป
บนชั้น
2. วิทยาศาสตร์การแพทย์ และสุขภาพ
วิทยาศาสตร์การแพทย์ และสุขภาพ
WM141 ณ17ศ ฉ.2 
  Barcode: 005784
ห้องสมุดวิทยาเขตสวรรค์ประชารักษ์
►หนังสือทั่วไป
บนชั้น
3. วิทยาศาสตร์การแพทย์ และสุขภาพ
วิทยาศาสตร์การแพทย์ และสุขภาพ
WM141 ณ17ศ ฉ.3 
  Barcode: 005785
ห้องสมุดวิทยาเขตสวรรค์ประชารักษ์
►หนังสือทั่วไป
บนชั้น
4. วิทยาศาสตร์การแพทย์ และสุขภาพ
วิทยาศาสตร์การแพทย์ และสุขภาพ
WM141 ณ17ศ ฉ.4 
  Barcode: 005786
ห้องสมุดวิทยาเขตสวรรค์ประชารักษ์
►หนังสือทั่วไป
บนชั้น
5. วิทยาศาสตร์การแพทย์ และสุขภาพ
วิทยาศาสตร์การแพทย์ และสุขภาพ
WM141 ณ17ศ ฉ.5 
  Barcode: 005787
ห้องสมุดวิทยาเขตสวรรค์ประชารักษ์
►หนังสือทั่วไป
บนชั้น
6. วิทยาศาสตร์การแพทย์ และสุขภาพ
วิทยาศาสตร์การแพทย์ และสุขภาพ
WM141 ณ17ศ ฉ.6 
  Barcode: 006567
ห้องสมุดวิทยาเขตสวรรค์ประชารักษ์
►หนังสือทั่วไป
บนชั้น
7. วิทยาศาสตร์การแพทย์ และสุขภาพ
วิทยาศาสตร์การแพทย์ และสุขภาพ
WM141 ณ17ศ ฉ.7 
  Barcode: 006568
ห้องสมุดวิทยาเขตสวรรค์ประชารักษ์
►หนังสือทั่วไป
บนชั้น
8. วิทยาศาสตร์การแพทย์ และสุขภาพ
วิทยาศาสตร์การแพทย์ และสุขภาพ
WM141 ณ17ศ ฉ.8 
  Barcode: 006569
ห้องสมุดวิทยาเขตสวรรค์ประชารักษ์
►หนังสือทั่วไป
บนชั้น

รายการใกล้เคียง
    ผู้แต่ง [ณรงค์ สุภัทรพันธุ์]

    หัวเรื่อง [จิตเวชศาสตร์]
    หัวเรื่อง [Interview Psychological]
    หัวเรื่อง [การสัมภาษณ์ทางจิต]

BibComment


ยังไม่เคยถูกคอมเมนท์

คอมเมนท์ทรัพยากรรายการนี้
  คอมเมนท์: ศาสตร์และศิลป์ขอ..


 Copyright 2026. Bcnsprnw @Library